Субъекты диалога автоматизированного мониторинга конкурентоспособности наукоемкой продукции; Автоматизация. Современные технологии; № 3

Dades bibliogràfiques
Parent link:Автоматизация. Современные технологии: научно-технический журнал.— , 1947-
№ 3.— 2016.— [С. 42-45]
Autor principal: Тащиян Г. О. Григорий Олегович
Autor corporatiu: Национальный исследовательский Томский политехнический университет Юргинский технологический институт (филиал) Кафедра экономики и автоматизированных систем управления
Sumari:Заглавие с экрана
При создании автоматизированного мониторинга конкурентоспособности наукоёмкой продукции на машиностроительном производстве в качестве субъектов диалога предложено привлекать прогрессивного предпринимателя, профессионального менеджера, независимого эксперта и потенциального потребителя.
When automated monitoring creating of competitive high-tech products in the machine-building industry as dialogue subjects is proposed to involve progressive entrepreneur, professional manager, independent expert and potential consumer.
Режим доступа: по договору с организацией-держателем ресурса
Idioma:rus
Publicat: 2016
Matèries:
Accés en línia:http://elibrary.ru/item.asp?id=25478502
Format: MixedMaterials Electrònic Capítol de llibre
KOHA link:https://koha.lib.tpu.ru/cgi-bin/koha/opac-detail.pl?biblionumber=649360

MARC

LEADER 00000naa0a2200000 4500
001 649360
005 20250304143246.0
035 |a (RuTPU)RU\TPU\network\14522 
035 |a RU\TPU\network\9434 
090 |a 649360 
100 |a 20160705d2016 k||y0rusy50 ca 
101 0 |a rus 
102 |a RU 
135 |a drcn ---uucaa 
181 0 |a i  
182 0 |a b 
200 1 |a Субъекты диалога автоматизированного мониторинга конкурентоспособности наукоемкой продукции  |d The subjects of the automated monitoring dialogue of competitive high-tech products  |f Г. О. Тащиян 
203 |a Текст  |c электронный 
300 |a Заглавие с экрана 
320 |a [Библиогр.: с. 45 (5 назв.)] 
330 |a При создании автоматизированного мониторинга конкурентоспособности наукоёмкой продукции на машиностроительном производстве в качестве субъектов диалога предложено привлекать прогрессивного предпринимателя, профессионального менеджера, независимого эксперта и потенциального потребителя. 
330 |a When automated monitoring creating of competitive high-tech products in the machine-building industry as dialogue subjects is proposed to involve progressive entrepreneur, professional manager, independent expert and potential consumer. 
333 |a Режим доступа: по договору с организацией-держателем ресурса 
461 |t Автоматизация. Современные технологии  |o научно-технический журнал  |d 1947- 
463 |t № 3  |v [С. 42-45]  |d 2016 
510 1 |a The subjects of the automated monitoring dialogue of competitive high-tech products  |z eng 
610 1 |a электронный ресурс 
610 1 |a труды учёных ТПУ 
610 1 |a мониторинг 
610 1 |a конкурентоспособность 
610 1 |a наукоёмкая продукция 
610 1 |a субъекты диалога 
700 1 |a Тащиян  |b Г. О.  |c экономист  |c доцент Юргинского технологического института (филиала) Томского политехнического университета, кандидат технических наук  |f 1974-  |g Григорий Олегович  |3 (RuTPU)RU\TPU\pers\24270  |9 10740 
712 0 2 |a Национальный исследовательский Томский политехнический университет  |b Юргинский технологический институт (филиал)  |b Кафедра экономики и автоматизированных систем управления  |3 (RuTPU)RU\TPU\col\18900  |9 27248 
801 2 |a RU  |b 63413507  |c 20160705  |g RCR 
856 4 |u http://elibrary.ru/item.asp?id=25478502 
942 |c CF